The Alexiad / (Record no. 328)

MARC details
000 -LEADER
fixed length control field 01086cam a2200313 a 4500
001 - CONTROL NUMBER
control field 13764127
005 - DATE AND TIME OF LATEST TRANSACTION
control field 20200421093826.0
008 - FIXED-LENGTH DATA ELEMENTS--GENERAL INFORMATION
fixed length control field 041027s2003 enkbj b 001 0beng
010 ## - LIBRARY OF CONGRESS CONTROL NUMBER
LC control number 2004559865
020 ## - INTERNATIONAL STANDARD BOOK NUMBER
International Standard Book Number 0140449582 (pbk.)
040 ## - CATALOGING SOURCE
Original cataloging agency DLC
Transcribing agency DLC
Modifying agency DLC
041 1# - LANGUAGE CODE
Language code of text/sound track or separate title eng
Language code of original gre
043 ## - GEOGRAPHIC AREA CODE
Geographic area code mm-----
050 00 - LIBRARY OF CONGRESS CALL NUMBER
Classification number DF605
Item number .C6 2003
082 00 - DEWEY DECIMAL CLASSIFICATION NUMBER
Classification number 949.5/03/092
-- B
Edition information 22
100 1# - MAIN ENTRY--PERSONAL NAME
Personal name Comnena, Anna,
Dates associated with a name 1083-
9 (RLIN) 1647
240 10 - UNIFORM TITLE
Uniform title Alexias.
Language of a work English
245 14 - TITLE STATEMENT
Title The Alexiad /
Statement of responsibility, etc. Anna Comnena ; translated by E.R.A. Sewter.
260 ## - PUBLICATION, DISTRIBUTION, ETC.
Place of publication, distribution, etc. London ; New York :
Name of publisher, distributor, etc. Penguin Books,
Date of publication, distribution, etc. 2003.
300 ## - PHYSICAL DESCRIPTION
Extent 560 p. :
Other physical details geneal. table, maps ;
Dimensions 19 cm.
440 #0 - SERIES STATEMENT/ADDED ENTRY--TITLE
Title Penguin classics
500 ## - GENERAL NOTE
General note Translation of Alexias.
600 00 - SUBJECT ADDED ENTRY--PERSONAL NAME
Personal name Alexius
Numeration I Comnenus,
Titles and other words associated with a name Emperor of the East,
Dates associated with a name 1048-1118.
9 (RLIN) 1649
651 #0 - SUBJECT ADDED ENTRY--GEOGRAPHIC NAME
Geographic name Byzantine Empire
General subdivision History
Chronological subdivision Alexius I Comnenus, 1081-1118.
9 (RLIN) 1650
700 1# - ADDED ENTRY--PERSONAL NAME
Personal name Sewter, E. R. A.
Fuller form of name (Edgar Robert Ashton),
Dates associated with a name 1907-1976,
Relator term tr.
906 ## - LOCAL DATA ELEMENT F, LDF (RLIN)
a 7
b cbc
c origcop
d 2
e ncip
f 20
g y-gencatlg
942 ## - ADDED ENTRY ELEMENTS (KOHA)
Source of classification or shelving scheme Dewey Decimal Classification
Koha item type Books
Holdings
Withdrawn status Lost status Damaged status Not for loan Collection Home library Current library Shelving location Date acquired Barcode Date last seen Price effective from Koha item type
        Reference Centerville Centerville General stacks 09/04/2014 39999000014310 09/04/2014 09/04/2014 Books